| 000 | 00898nam a2200265 i 4500 | ||
|---|---|---|---|
| 001 | 175404 | ||
| 003 | ES-MaACL | ||
| 005 | 20251218174605.0 | ||
| 007 | t| | ||
| 008 | 101026s1973 sp o r ||||1| spa d | ||
| 020 | _a84-369-0273-4 | ||
| 080 | _a75 Izquierdo, Begoña | ||
| 080 | _a929 Izquierdo, Begoña | ||
| 100 | 1 |
_aCastaño, Adolfo. _936422 |
|
| 245 | 1 | 0 |
_aBegoña Izquierdo / _cAdolfo Castaño. |
| 260 |
_a[Madrid : _bDirección General de Bellas Artes, _c1973] |
||
| 300 |
_a67 p. : _bfot. col. y n. ; _c17 cm. |
||
| 490 | 1 |
_aArtistas españoles contemporáneos. Pintores ; _v63 |
|
| 504 | _aBibliografía: p. 59-61. | ||
| 600 | 1 | 4 |
_aIzquierdo, Begoña. _965699 |
| 710 | 1 |
_aEspaña. _bDirección General de Bellas Artes. _93704 |
|
| 830 | 0 |
_aArtistas españoles contemporáneos. Pintores _v63 _9189664 |
|
| 852 |
_aES-MaACL _j2261-F-63 _xOlim P-1916 |
||
| 999 |
_c175404 _d175404 |
||